Stati per punto meno elevato maggiore - Statistics

Statistiche generali
  • Questo quiz è stato fatto 5 volte
  • Il punteggio medio è 6 su 15
Statistiche sulle risposte
Altitudine (m) Punto meno elevato Continente Nazione % Corretto
350 Nilo Bianco Africa Sudan del Sud
60%
621 Nilo Bianco Africa Uganda
60%
329 Fiume Zambesi Africa Zambia
60%
258 Amu Darya Asia Afghanistan
40%
400 Fiume Debed Asia Armenia
40%
513 Confluenza del fiume Limpopo e del fiume Shashe Africa Botswana
40%
1 400 Confluenza del fiume Orange e del fiume Makhaleng Africa Lesotho
40%
518 Hoh Nuur Asia Mongolia
40%
335 Fiume Ubangi Africa Repubblica Centrafricana
40%
300 Syr Darya Asia Tagikistan
40%
840 Valira Europa Andorra
20%
772 Lago Tanganica Africa Burundi
20%
435 Kara Darya Asia Kirghizistan
20%
430 Fiume Reno Europa Liechtenstein
20%
950 Fiume Ruzizi Africa Ruanda
20%
Nessun quiz corrispondente trovato
Distribuzione punteggi
Percentuale di utenti per punteggio
Percentile per numero di risposta
I tuoi punteggi nel tempo
Non hai fatto questo quiz